[Event "16th Open"]
[Site "Abu Dhabi UAE"]
[Date "2006.08.20"]
[Round "8"]
[White "Sale,S"]
[Black "Alavi,S"]
[Result "1/2-1/2"]
[WhiteElo "2438"]
[BlackElo "2314"]
[EventDate "2006.08.12"]

1. e4 c6 2. d4 d5 3. exd5 cxd5 4. c4 Nf6 5. Nc3 e6 6. Nf3 Bb4 7. Bd3 O-O 8.
O-O dxc4 9. Bxc4 b6 10. Bg5 Bb7 11. Rc1 Be7 12. Qe2 Nc6 13. Rfd1 Nd5 14. h4
Ncb4 15. Ne4 h6 16. Bd2 Bxh4 17. Nxh4 Qxh4 18. Nd6 Qe7 19. Nxb7 Qxb7 20.
Qe4 Qd7 21. a3 Nc6 22. Bb5 Rac8 23. Rc4 Qd6 24. Ba6 Rcd8 25. Rdc1 Nce7 26.
g3 f5 27. Qe2 Rf6 28. Qe5 Qd7 29. a4 Ng6 30. Qe2 f4 31. Bc8 Qf7 32. Re1
fxg3 33. fxg3 Nf8 34. Rc6 Re8 35. Ba6 Rd8 36. Bd3 Qd7 37. Rc4 Ng6 38. Qe4
Qd6 39. Kg2 Rdf8 40. Rf1 Rxf1 41. Bxf1 Nge7 42. Bd3 Nf5 43. Qe1 Nf6 44. Qe5
Ng4 45. Qxd6 Nxd6 46. Rc2 Nf5 47. Rc7 Nxd4 48. Bc3 Rf2+ 49. Kh3 h5 50. Kh4
Rh2+ 51. Kg5 Nf3+ 52. Kf4 Rf2 53. Rxg7+ Kf8 54. Rxa7 e5+ 55. Ke4 Nf6+ 56.
Ke3 Ng4+ 57. Ke4 Nf6+ 58. Ke3 1/2-1/2

[Event "16th Open"]
[Site "Abu Dhabi UAE"]
[Date "2006.08.20"]
[Round "8"]
[White "Taleb,M"]
[Black "Pourkashiyan,A"]
[Result "1/2-1/2"]
[WhiteElo "2409"]
[BlackElo "2298"]
[EventDate "2006.08.12"]

1. Nf3 d5 2. d4 e6 3. c3 c5 4. a3 Nc6 5. b4 cxd4 6. cxd4 a6 7. Bf4 Bd6 8.
Bxd6 Qxd6 9. Nc3 Nf6 10. e3 Ne4 11. Nxe4 dxe4 12. Nd2 f5 13. Nc4 Qe7 14.
Nb6 Rb8 15. Qb3 O-O 16. g3 Qc7 17. Nxc8 Qxc8 18. Bc4 Re8 19. O-O b5 20. Be2
Qd7 21. Rfc1 Rec8 22. Rc5 Ne7 23. a4 Rb7 24. axb5 axb5 25. Ra5 Rcb8 26. f3
Nd5 27. f4 h6 28. g4 g6 29. Ra6 Kf7 30. h4 Rb6 31. Rxb6 Rxb6 32. h5 Rb8 33.
hxg6+ Kxg6 34. Kf2 Qe7 35. gxf5+ Kxf5 36. Ke1 Kf6 37. Kd2 Qa7 38. Rxd5 exd5
39. Qxd5 Qe7 40. Ke1 Qxb4+ 41. Kf2 Qe7 42. Bxb5 Kg7 43. Qh5 Ra8 44. Bc4 Rb8
45. Bb5 Qf6 46. Be2 Kh8 47. Bc4 Qg7 48. Be2 Rg8 49. Ke1 Rb8 50. Kf2 Rg8 51.
Bg4 Qf6 52. Bf5 Qc6 53. Bg4 Qf6 54. Bf5 Qc6 55. Bg4 Qf6 56. Bf5 Qc6 1/2-1/2

[Event "16th Open"]
[Site "Abu Dhabi UAE"]
[Date "2006.08.20"]
[Round "8"]
[White "Darban,M"]
[Black "Mahmoody,M"]
[Result "1-0"]
[WhiteElo "2390"]
[BlackElo "2242"]
[EventDate "2006.08.12"]

1. e4 c5 2. Nf3 d6 3. d4 cxd4 4. Nxd4 Nf6 5. Nc3 a6 6. Be2 e5 7. Nb3 Be6 8.
O-O Nbd7 9. f4 Qc7 10. f5 Bc4 11. Kh1 Rc8 12. Re1 Bxe2 13. Qxe2 b5 14. a3
Nb6 15. Bg5 Nfd7 16. Nd2 Be7 17. Bxe7 Kxe7 18. Qg4 h6 19. Re3 Nf6 20. Qg3
Nc4 21. Nxc4 Qxc4 22. h3 Rhg8 23. Qh4 Kd7 24. Rd1 b4 25. axb4 Qxb4 26. Rg3
Rc4 27. Rxg7 Rxg7 28. Qxf6 Rh7 29. Nd5 Qb8 30. Qe7+ Kc6 31. Nf6 Rh8 32.
Qd7+ Kc5 33. c3 Rd8 34. b4+ Rxb4 35. cxb4+ Kc4 36. Qc6+ Kb3 37. Rd3+ 1-0

[Event "16th Open"]
[Site "Abu Dhabi UAE"]
[Date "2006.08.20"]
[Round "8"]
[White "Mamedjarova,T"]
[Black "Motoc,A"]
[Result "1/2-1/2"]
[WhiteElo "2241"]
[BlackElo "2309"]
[EventDate "2006.08.12"]

1. e4 c5 2. c3 d5 3. exd5 Qxd5 4. d4 e6 5. Nf3 Nf6 6. Be2 cxd4 7. Qxd4 Nc6
8. Qxd5 Nxd5 9. O-O Be7 10. a4 O-O 11. Bc4 Nb6 12. Bb3 Rd8 13. Bf4 Nd5 14.
Bg3 b6 15. Na3 Bb7 16. Nb5 Na5 17. Ba2 a6 18. Nbd4 Rac8 19. Rfe1 g5 20. h4
h6 21. Rad1 Bf6 22. hxg5 hxg5 23. Ne5 Kg7 24. f3 Bxe5 25. Rxe5 Kf6 26. Kf2
Nc4 27. Bxc4 Rxc4 28. Re2 Nf4 29. Bxf4 gxf4 30. Ra1 e5 31. Nb3 e4 32. fxe4
Rxe4 33. Rxe4 Bxe4 34. Nd4 Rg8 35. Nf3 Rd8 36. Rh1 Bxf3 37. Kxf3 Kg5 38.
Rh7 Rd7 39. Rg7+ Kf5 40. Rh7 Kg5 1/2-1/2

[Event "16th Open"]
[Site "Abu Dhabi UAE"]
[Date "2006.08.20"]
[Round "8"]
[White "Samhouri,A"]
[Black "Bakre,T"]
[Result "1/2-1/2"]
[WhiteElo "2294"]
[BlackElo "2454"]
[EventDate "2006.08.12"]

1. e4 c5 2. Nf3 d6 3. d4 cxd4 4. Nxd4 Nf6 5. Nc3 Nc6 6. Bc4 e6 7. Be3 a6 8.
Qe2 Na5 9. Bb3 b5 10. f3 Bb7 11. O-O-O Qc7 12. g4 Nd7 13. g5 Ne5 14. Kb1
O-O-O 15. h4 Kb8 16. h5 1/2-1/2

[Event "16th Open"]
[Site "Abu Dhabi UAE"]
[Date "2006.08.20"]
[Round "8"]
[White "Kayumov,S"]
[Black "Sethuraman,S"]
[Result "1/2-1/2"]
[WhiteElo "2435"]
[BlackElo "2290"]
[EventDate "2006.08.12"]

1. e4 e5 2. Nf3 Nc6 3. Bc4 Nf6 4. d3 h6 5. O-O d6 6. a4 g6 7. a5 Bg7 8. a6
b6 9. d4 exd4 10. Nxd4 Nxd4 11. Qxd4 O-O 12. Qd1 c6 13. Nc3 b5 14. Bd3 Re8
15. Re1 Nd7 16. Bf4 Nc5 17. Qd2 Kh7 18. Bf1 1/2-1/2

[Event "16th Open"]
[Site "Abu Dhabi UAE"]
[Date "2006.08.20"]
[Round "8"]
[White "Bistric,F"]
[Black "Ahmed,I"]
[Result "1-0"]
[WhiteElo "2426"]
[BlackElo "2113"]
[EventDate "2006.08.12"]

1. e4 c5 2. Nf3 g6 3. c4 Nc6 4. d4 cxd4 5. Nxd4 Bg7 6. Be3 Nf6 7. Nc3 O-O
8. Be2 d6 9. O-O Nxd4 10. Bxd4 Nd7 11. Re1 a5 12. h4 Nc5 13. h5 Bxd4 14.
Qxd4 h6 15. e5 Ne6 16. Qe3 Kh7 17. Rad1 Ng7 18. c5 Nf5 19. Qf3 Bd7 20. Bd3
Rg8 21. Bxf5 gxf5 22. cxd6 e6 23. Qxb7 Rb8 24. Qf3 Rc8 25. Qe3 Bc6 26. f3
Qh4 27. Re2 Qxh5 28. Kf1 Qh1+ 29. Qg1 Qxg1+ 30. Kxg1 Bxf3 31. d7 Rcd8 32.
Rd6 Bxe2 33. Nxe2 Rg4 34. Nd4 Rxd4 35. Rxd4 f6 36. Ra4 Rxd7 37. Rxa5 Rd1+
38. Kh2 fxe5 39. Rxe5 Rd2 40. Rb5 Kg6 41. a4 e5 42. a5 f4 43. a6 Rd1 44. b4
Rd8 45. Rxe5 Kf6 46. Rh5 Ke7 47. b5 Ke8 48. b6 Rd6 49. a7 1-0

[Event "16th Open"]
[Site "Abu Dhabi UAE"]
[Date "2006.08.20"]
[Round "8"]
[White "Hassan,Ab"]
[Black "Marwan,A"]
[Result "1/2-1/2"]
[WhiteElo "2365"]
[BlackElo "2033"]
[EventDate "2006.08.12"]

1. d4 Nf6 2. Nf3 c5 3. d5 e6 4. Nc3 d6 5. e4 e5 6. h3 Na6 7. Bd3 Nc7 8. a4
g6 9. O-O Bg7 10. Be3 O-O 11. Nd2 Nh5 12. Nc4 Nf4 13. Qf3 Nxd3 14. cxd3
1/2-1/2

[Event "16th Open"]
[Site "Abu Dhabi UAE"]
[Date "2006.08.20"]
[Round "8"]
[White "Al Sulaiti,G"]
[Black "El Arousy,A"]
[Result "1/2-1/2"]
[WhiteElo "2128"]
[BlackElo "2352"]
[EventDate "2006.08.12"]

1. e4 e6 2. d4 d5 3. Nc3 Nf6 4. e5 Nfd7 5. f4 c5 6. Nf3 Qb6 7. Be3 Nc6 8.
Qd2 cxd4 9. Nxd4 Nxd4 10. Bxd4 Qd8 11. Qf2 Qa5 12. Bb5 a6 13. Bxd7+ Bxd7
14. O-O Rc8 15. f5 exf5 16. Bb6 Qxb6 17. Qxb6 Bc5+ 18. Qxc5 Rxc5 19. Rad1
Be6 20. Rd2 d4 21. Rxd4 Rxe5 22. Rb4 b5 23. a4 Bc4 24. axb5 Bxf1 25. bxa6
Bxa6 26. Rb8+ Kd7 27. Rxh8 Re1+ 28. Kf2 Rc1 29. Rxh7 Rxc2+ 30. Kg1 Rc1+ 31.
Kf2 Rc2+ 32. Kg1 1/2-1/2

[Event "16th Open"]
[Site "Abu Dhabi UAE"]
[Date "2006.08.20"]
[Round "8"]
[White "Nezad,H"]
[Black "Jasim,A"]
[Result "1-0"]
[WhiteElo "2320"]
[BlackElo "2326"]
[EventDate "2006.08.12"]

1. e4 e6 2. d4 d5 3. Nd2 dxe4 4. Nxe4 Nd7 5. Nf3 Ngf6 6. Nxf6+ Nxf6 7. Bd3
c5 8. dxc5 Bxc5 9. O-O O-O 10. Qe2 b6 11. Bg5 Bb7 12. Rad1 Qc7 13. Ne5 Rfd8
14. Rfe1 Rd5 15. Bxf6 gxf6 16. Qg4+ Kf8 17. Nf3 Rad8 18. Qh4 Ke7 19. Qxh7
Qf4 20. Bg6 Rf8 21. Rxd5 Bxd5 22. Be4 Bxa2 23. b3 Bb4 24. g3 Qc7 25. Ra1
Bc3 26. Rxa2 f5 27. Qh4+ Bf6 28. Qf4 Qxf4 29. gxf4 fxe4 30. Rxa7+ Kd6 31.
Nd2 Bd8 32. Nxe4+ Kc6 33. Ng5 Bc7 34. Kg2 Rg8 35. Kf3 e5 36. Nxf7 Rf8 37.
Ng5 Rxf4+ 38. Kg3 Bd6 39. Ra4 e4 40. h4 Rf3+ 41. Kg2 1-0

[Event "16th Open"]
[Site "Abu Dhabi UAE"]
[Date "2006.08.20"]
[Round "8"]
[White "Salem,AR"]
[Black "Aswin,J"]
[Result "1/2-1/2"]
[WhiteElo "2154"]
[BlackElo "2221"]
[EventDate "2006.08.12"]

1. d4 Nf6 2. c4 g6 3. Nc3 d5 4. cxd5 Nxd5 5. e4 Nxc3 6. bxc3 Bg7 7. Bc4 c5
8. Ne2 O-O 9. O-O Nc6 10. Be3 Qc7 11. Rc1 Rd8 12. Qa4 Bd7 13. Qa3 Bf8 14.
Rfd1 Be8 15. Bd3 e6 16. Qb2 a6 17. Bb1 b5 18. Bg5 Be7 19. Qd2 Na5 20. Bxe7
Qxe7 21. Qf4 cxd4 22. cxd4 Rac8 23. e5 Bc6 24. Rc3 Rf8 25. Qh6 f5 26. Nf4
Rf7 27. Rg3 Rg7 28. Nh5 Bd5 29. Nf6+ Kh8 30. h4 Rf8 31. Qg5 Rgf7 32. h5
Rxf6 33. exf6 Qxf6 34. Qh6 Qg7 35. Qf4 Nc6 36. Kh2 Rg8 37. hxg6 Qf6 38.
gxh7 Rg6 39. Rdd3 Rh6+ 40. Rh3 Qg7 41. Rdg3 Rxh3+ 42. Kxh3 Qxh7+ 43. Qh4
Nxd4 44. Qxh7+ Kxh7 45. Ra3 Ne2 46. g4 Kg6 47. gxf5+ exf5 48. Rxa6+ Kg5 49.
a3 Ng1+ 1/2-1/2

[Event "16th Open"]
[Site "Abu Dhabi UAE"]
[Date "2006.08.20"]
[Round "8"]
[White "Amanov,M"]
[Black "Qaddara,A"]
[Result "1-0"]
[WhiteElo "2372"]
[BlackElo "2243"]
[EventDate "2006.08.12"]

1. e4 c5 2. Nf3 Nc6 3. Nc3 g6 4. d4 cxd4 5. Nxd4 Bg7 6. Be3 Nf6 7. Nxc6
bxc6 8. e5 Nd5 9. Nxd5 cxd5 10. Qxd5 Rb8 11. Bc4 O-O 12. O-O d6 13. exd6
Be6 14. Qd3 Bf5 15. Qa3 exd6 16. c3 Qh4 17. Bd5 Rb5 18. Rad1 Be5 19. g3 Qg4
20. Bg2 Be6 21. Bd4 Qe2 22. b3 f5 23. Bxe5 Rxe5 24. Rxd6 f4 25. Rxe6 Rxe6
26. Bd5 Kg7 27. Bxe6 Qxe6 28. Qxa7+ Kh6 29. Qd4 Qh3 1-0

[Event "16th Open"]
[Site "Abu Dhabi UAE"]
[Date "2006.08.20"]
[Round "8"]
[White "Coleman,J"]
[Black "Ghader Pour,S"]
[Result "1/2-1/2"]
[WhiteElo "2188"]
[BlackElo "2152"]
[EventDate "2006.08.12"]

1. d4 Nf6 2. c4 c5 3. d5 b5 4. cxb5 a6 5. bxa6 Bxa6 6. Nc3 d6 7. Nf3 g6 8.
g3 Bg7 9. Bg2 O-O 10. O-O Nbd7 11. Rb1 Ng4 12. Qc2 Qa5 13. Bd2 Rfc8 14. b3
Nge5 15. Nxe5 Nxe5 16. a4 Rab8 17. Rfe1 Qb6 18. Bh3 Rc7 19. Be3 Qb4 20. Bd2
Qd4 21. Be3 Qxc3 22. Qxc3 Nf3+ 23. exf3 Bxc3 24. Rec1 Bd3 25. Rxc3 Bxb1 26.
Bf1 Bf5 27. g4 Bd7 28. Kg2 Ra7 29. Kg3 Bc8 30. Bb5 Bb7 31. b4 Ba6 32. bxc5
Bxb5 33. axb5 dxc5 34. Bxc5 Rd7 35. b6 Rc8 36. Rb3 Rb8 37. Kf4 Rxd5 38.
Bxe7 f5 39. Ba3 Rb7 40. Bc1 h6 41. Kg3 Kg7 42. Bf4 g5 43. Bc7 f4+ 44. Kg2
Rc5 45. Rd3 1/2-1/2

[Event "16th Open"]
[Site "Abu Dhabi UAE"]
[Date "2006.08.21"]
[Round "9"]
[White "Potkin,V"]
[Black "Miroshnichenko,E"]
[Result "1/2-1/2"]
[WhiteElo "2556"]
[BlackElo "2616"]
[EventDate "2006.08.12"]

1. e4 c5 2. Nf3 d6 3. Bb5+ Bd7 4. Bxd7+ Qxd7 5. O-O Nc6 6. c3 Nf6 7. Re1 e6
8. d4 cxd4 9. cxd4 d5 10. e5 Ne4 11. Nbd2 Nxd2 12. Bxd2 Be7 13. Rc1 O-O 14.
Rc3 1/2-1/2

[Event "16th Open"]
[Site "Abu Dhabi UAE"]
[Date "2006.08.21"]
[Round "9"]
[White "Abbasov,F"]
[Black "Neverov,V"]
[Result "0-1"]
[WhiteElo "2443"]
[BlackElo "2556"]
[EventDate "2006.08.12"]

1. d4 Nf6 2. c4 g6 3. Nc3 d5 4. Bf4 Bg7 5. e3 c6 6. Rc1 Be6 7. Qb3 Qb6 8.
c5 Qxb3 9. axb3 Nbd7 10. h3 O-O 11. Nf3 Ne4 12. Na4 f6 13. Bd3 Bf7 14. Bh2
Rae8 15. Ke2 e5 16. dxe5 f5 17. Bb1 Nxe5 18. Nd4 Re7 19. Rhd1 Rfe8 20. Kf1
Nd7 21. b4 Nf8 22. Nc3 Ne6 23. Nce2 a6 24. Bd3 Nxd4 25. Nxd4 Ng5 26. Rc2
Ne6 27. Nf3 Nc7 28. Ng5 h6 29. Nxf7 Kxf7 30. g4 fxg4 31. hxg4 Be5 32. f4
Bf6 33. Bg1 Kg7 34. Kg2 Re4 35. Bxe4 Rxe4 36. Kf3 Rxb4 37. Bf2 Rb3 38. Ke2
Ne6 39. Be1 d4 40. Rd3 Rb5 41. b4 a5 42. f5 gxf5 43. gxf5 Nc7 44. e4 Na6
45. bxa5 Nxc5 46. Rg3+ Kf7 47. Kf3 Nd3 48. Bd2 Ne5+ 49. Kg2 c5 50. Ra2 c4
51. Bxh6 c3 0-1

[Event "16th Open"]
[Site "Abu Dhabi UAE"]
[Date "2006.08.21"]
[Round "9"]
[White "Fedorov,Alex"]
[Black "Rausis,I"]
[Result "1/2-1/2"]
[WhiteElo "2617"]
[BlackElo "2510"]
[EventDate "2006.08.12"]

1. e4 e5 2. Nf3 Nc6 3. Bb5 a6 4. Ba4 Nf6 5. O-O b5 6. Bb3 Bb7 7. Re1 Bc5 8.
c3 O-O 9. d4 Bb6 10. Be3 exd4 11. cxd4 Na5 12. Bg5 h6 13. Bh4 Nxb3 14. axb3
g5 15. Nxg5 Nxe4 16. Nf3 Qe8 17. Nc3 f5 18. d5 Qh5 19. Nxe4 fxe4 20. Rxe4
Rae8 21. Rxe8 Rxe8 22. Qd3 Bxd5 23. Ng5 Bxf2+ 24. Kh1 Be4 25. Nxe4 Bxh4 26.
Ng3 Qg4 27. Nf5 Qe4 28. Qxe4 Rxe4 29. g3 Bf6 30. Rxa6 c6 31. Nxh6+ Kg7 32.
Nf5+ Kg6 33. Nd6 Re1+ 34. Kg2 Re2+ 35. Kh3 Rxb2 36. Ne4 Bd4 37. Kg4 Rxh2
38. Ra8 Re2 39. Kf4 d5 40. Ng5 Be5+ 41. Kg4 Re3 42. Nf3 Bf6 43. Rc8 Rc3 44.
Kf4 Kf7 45. g4 Ke6 46. g5 Be7 47. Nd4+ Kd7 48. Rh8 c5 49. Nf5 Bxg5+ 50.
Kxg5 Rxb3 51. Rh7+ Kc6 52. Ne7+ Kd6 53. Nf5+ Kc6 54. Ne7+ Kd6 55. Nf5+
1/2-1/2

[Event "16th Open"]
[Site "Abu Dhabi UAE"]
[Date "2006.08.21"]
[Round "9"]
[White "Ghaem Maghami,E"]
[Black "Javakhishvili,L"]
[Result "1-0"]
[WhiteElo "2594"]
[BlackElo "2418"]
[EventDate "2006.08.12"]

1. c4 Nf6 2. Nc3 c5 3. Nf3 e6 4. g3 b6 5. Bg2 Bb7 6. O-O Be7 7. d4 cxd4 8.
Qxd4 Nc6 9. Qf4 a6 10. Rd1 d6 11. b3 Qc7 12. Ba3 Ne5 13. Qe3 Nxf3+ 14. Bxf3
Bxf3 15. Qxf3 O-O 16. Rd4 Rac8 17. Rad1 Rfd8 18. Qd3 b5 19. Bxd6 Rxd6 20.
Rxd6 bxc4 21. Qxc4 Bxd6 22. Rxd6 Qxc4 23. bxc4 g5 24. Rxa6 Rxc4 25. Ra3 Kg7
26. f3 Kg6 27. Kf2 g4 28. Ke3 gxf3 29. exf3 Nd7 30. Kd2 Ne5 31. f4 Ng4 32.
Rb3 Nxh2 33. a4 Rc8 34. Nb5 Ng4 35. a5 Ra8 36. Ra3 Nf6 37. a6 Nd5 38. a7
Kf5 39. Nd6+ Kf6 40. Nb5 h5 41. Kd3 Ke7 42. Kd4 Kd7 43. Ra6 Kc8 44. f5 Kb7
45. Rd6 Nb4 46. fxe6 fxe6 47. Rxe6 Rd8+ 48. Kc4 Na6 49. Rh6 Rc8+ 50. Kd4
Rg8 51. Rxa6 Kxa6 52. a8=Q Rxa8 53. Nc7+ 1-0

[Event "16th Open"]
[Site "Abu Dhabi UAE"]
[Date "2006.08.21"]
[Round "9"]
[White "Mamedov,Rau"]
[Black "Sturua,Z"]
[Result "1/2-1/2"]
[WhiteElo "2561"]
[BlackElo "2509"]
[EventDate "2006.08.12"]

1. e4 e5 2. Nf3 Nc6 3. Bc4 Nf6 4. d3 Be7 5. O-O O-O 6. Bb3 d6 7. c3 Na5 8.
Bc2 c5 9. Nbd2 Nc6 10. Re1 Re8 11. Nf1 h6 12. Ng3 Bf8 13. h3 Bd7 14. a3 Rc8
15. Bb3 Be6 16. Ba4 a6 17. c4 Rb8 18. Bxc6 bxc6 19. Qa4 Qc7 20. Rb1 Nd7 21.
Bd2 g6 22. Ba5 Qc8 23. Bc3 Bg7 24. Qa5 Kh7 25. b4 Rf8 26. Qa4 Qc7 27. Qc2
d5 28. bxc5 dxc4 29. dxc4 Nxc5 30. Bb4 Qa7 31. Nf5 Bf6 32. Ne3 a5 33. Bc3
Nd7 34. Qa4 Nc5 35. Qc2 Bd7 1/2-1/2

[Event "16th Open"]
[Site "Abu Dhabi UAE"]
[Date "2006.08.21"]
[Round "9"]
[White "Lomineishvili,M"]
[Black "Ibrahimov,R"]
[Result "0-1"]
[WhiteElo "2380"]
[BlackElo "2528"]
[EventDate "2006.08.12"]

1. d4 Nf6 2. c4 e6 3. Nf3 b6 4. Nc3 Bb7 5. Bg5 Be7 6. e3 h6 7. Bh4 O-O 8.
Be2 c5 9. O-O d6 10. Qc2 cxd4 11. Nxd4 Nbd7 12. Rad1 a6 13. Bf3 Bxf3 14.
Nxf3 Qc7 15. Qd3 Rfc8 16. Bxf6 Nxf6 17. Nd2 Qc6 18. Rc1 Rab8 19. Rfd1 b5
20. cxb5 axb5 21. Nb3 Qb6 22. Nd4 b4 23. Na4 Qb7 24. f3 d5 25. b3 Nd7 26.
Qd2 Nc5 27. Nxc5 Bxc5 28. Rc2 Bxd4 29. Rxc8+ Rxc8 30. Qxd4 Qa6 31. Qd2 Rc3
32. e4 Qa7+ 33. Kf1 dxe4 34. fxe4 Qc5 35. Qd4 Qh5 36. Kg1 Rc2 37. Qd8+ Kh7
38. Qd3 Rxa2 39. Rf1 Qc5+ 40. Kh1 Qc3 41. Qd7 Rf2 42. Kg1 Rxf1+ 43. Kxf1
Qxb3 44. Qxf7 Qb1+ 45. Kf2 Qxe4 0-1

[Event "16th Open"]
[Site "Abu Dhabi UAE"]
[Date "2006.08.21"]
[Round "9"]
[White "Alavi,S"]
[Black "Magerramov,E"]
[Result "1-0"]
[WhiteElo "2314"]
[BlackElo "2530"]
[EventDate "2006.08.12"]

1. e4 c5 2. Nf3 d6 3. d4 cxd4 4. Nxd4 Nf6 5. Nc3 a6 6. Qf3 g6 7. h3 Bg7 8.
Be3 Bd7 9. Bd3 Nc6 10. O-O O-O 11. a4 Rc8 12. Rfd1 Re8 13. Nxc6 Bxc6 14.
Bd4 Qa5 15. Qe3 Qb4 16. Na2 Qa5 17. Nc3 Qh5 18. b4 e5 19. Ba7 Bd7 20. Bf1
Bf8 21. b5 axb5 22. axb5 Be6 23. f3 Qh4 24. Ra4 Nh5 25. Qd2 Nf4 26. Be3
Bxh3 27. Bxf4 exf4 28. gxh3 Re5 29. Nd5 Rg5+ 30. Kh1 Rg3 31. Qe2 Re8 32.
Bg2 Re5 33. Rf1 Rxh3+ 34. Kg1 Rg3 35. Qd2 Bh6 36. Ra8+ Kg7 37. Rf2 Bg5 38.
Qc3 Kh6 39. Kf1 Qh2 40. Rh8 Rxg2 41. Rxg2 Qh1+ 42. Rg1 Qh3+ 43. Ke1 Qh2 44.
Rf1 Qg2 45. Qd3 Kg7 46. Rb8 1-0

[Event "16th Open"]
[Site "Abu Dhabi UAE"]
[Date "2006.08.21"]
[Round "9"]
[White "Amin,B"]
[Black "Safarli,E"]
[Result "1-0"]
[WhiteElo "2453"]
[BlackElo "2421"]
[EventDate "2006.08.12"]

1. e4 c5 2. Nf3 d6 3. d3 Nc6 4. g3 g6 5. Bg2 Bg7 6. O-O e5 7. c3 Nge7 8. a3
O-O 9. b4 h6 10. Nbd2 Be6 11. Nb3 c4 12. dxc4 Bxc4 13. Re1 a5 14. Bb2 Be6
15. Nbd2 f5 16. exf5 Nxf5 17. b5 Na7 18. a4 Nc8 19. c4 Nb6 20. c5 dxc5 21.
Nxe5 Bd5 22. Ne4 Bxe4 23. Bxe4 Qxd1 24. Raxd1 Nxa4 25. Ba1 Nd4 26. Bxb7 Ra7
27. Bd5+ Kh7 28. Bxd4 cxd4 29. Rxd4 Nb6 30. Ba2 Re7 31. Rde4 Rb8 32. Bb1 a4
33. Nxg6 Rxe4 34. Rxe4 Rd8 35. Re1 a3 36. Nf4+ Kh8 37. Kg2 Ra8 38. Re6 Na4
39. Ra6 Rxa6 40. bxa6 Bd4 41. Nd5 Ba7 42. f4 Nc5 43. Nb4 Na4 44. Ba2 Nc3
45. Bb3 Kg7 46. Kf3 Bc5 47. Na2 Nb5 48. Ke4 Ba7 49. Bc4 Nd4 50. Kd5 Nf3 51.
h3 Nd2 52. Nc3 Kf8 53. g4 Ke7 54. Ba2 Nf3 55. Nb5 Bf2 56. Nxa3 Ng1 57. Ke4
Nxh3 58. Kf3 Bc5 59. Bc4 Kf6 60. Nb5 Ng1+ 61. Kg3 1-0

[Event "16th Open"]
[Site "Abu Dhabi UAE"]
[Date "2006.08.21"]
[Round "9"]
[White "Lodhi,M"]
[Black "Allahverdiev,A"]
[Result "0-1"]
[WhiteElo "2360"]
[BlackElo "2435"]
[EventDate "2006.08.12"]

1. d4 Nf6 2. Nf3 e6 3. g3 b6 4. Bg2 Bb7 5. O-O c5 6. e3 Qc7 7. b3 cxd4 8.
exd4 d5 9. Bb2 Nbd7 10. Nbd2 Rc8 11. c4 Be7 12. Rc1 Qb8 13. Re1 O-O 14. a3
Rc7 15. Nf1 Rfc8 16. Ne3 Qa8 17. Nd2 Bf8 18. Nb1 dxc4 19. Bxb7 Qxb7 20.
bxc4 Ne4 21. Nd2 Ndf6 22. Nxe4 Nxe4 23. h4 Nd6 24. d5 exd5 25. Qxd5 Rxc4
26. Qxb7 Rxc1 27. Qxa7 Rxe1+ 28. Kg2 b5 29. Qd4 Nc4 30. Nxc4 bxc4 31. Bc3
Re6 32. a4 Rd6 33. Qe4 Rcc6 34. Qg4 Re6 35. Qf3 Be7 36. a5 Bf6 37. Qd5 h5
38. Bxf6 Rxf6 39. a6 Rxa6 40. Qxc4 g6 41. Qe2 Ra5 42. Qb2 Raf5 43. f4 Kh7
44. Qb8 Ra6 45. Qf8 Ra7 46. Kh3 Ra2 47. Qb4 Kg8 48. Qb8+ Kg7 49. Qb3 Rfa5
50. Qc3+ Kg8 51. Qc8+ Kh7 52. Qc4 Ra7 53. Qc5 Rd7 54. Qc4 Rf2 55. Qb3 Kg8
56. Qb8+ Kg7 57. Qe5+ Kh7 58. Qe8 Rb7 59. Qf8 Rd7 60. Qe8 Rc7 61. Qf8 Re2
62. f5 gxf5 0-1

[Event "16th Open"]
[Site "Abu Dhabi UAE"]
[Date "2006.08.21"]
[Round "9"]
[White "Ushenina,A"]
[Black "Khader,S"]
[Result "1-0"]
[WhiteElo "2410"]
[BlackElo "2384"]
[EventDate "2006.08.12"]

1. d4 d5 2. c4 Nc6 3. cxd5 Qxd5 4. e3 e5 5. Nc3 Bb4 6. Bd2 Bxc3 7. bxc3 Nf6
8. f3 e4 9. c4 Qd6 10. Qb1 Bf5 11. Qb5 Bd7 12. Qb1 Bf5 13. Qb5 Qd7 14. g4
Be6 15. g5 a6 16. Qb2 Nh5 17. d5 Bxd5 18. cxd5 Qxd5 19. f4 Nxf4 20. exf4 e3
21. Bxe3 O-O 22. Bg2 Qe6 23. Kf2 Na5 24. Qe5 Qg4 25. Qxa5 f6 26. h4 Rad8
27. Nf3 Rfe8 28. Bh3 Qh5 29. Rad1 b6 30. Qa4 fxg5 31. Rxd8 Rxd8 32. Qc4+
Kh8 33. Qxc7 1-0

[Event "16th Open"]
[Site "Abu Dhabi UAE"]
[Date "2006.08.21"]
[Round "9"]
[White "Motoc,A"]
[Black "Sale,S"]
[Result "1/2-1/2"]
[WhiteElo "2309"]
[BlackElo "2438"]
[EventDate "2006.08.12"]

1. d4 Nf6 2. c4 e6 3. Nc3 c5 4. d5 exd5 5. cxd5 d6 6. e4 g6 7. h3 Bg7 8.
Nf3 O-O 9. Bd3 Re8 10. O-O c4 11. Bc2 b5 12. a3 a6 13. Bf4 Bb7 14. Re1 Qb6
15. Qd2 Nbd7 16. Rad1 Nc5 17. Nd4 Nfd7 18. Nc6 Bxc6 19. dxc6 Qxc6 20. Qxd6
Rac8 21. e5 Re6 22. Qxc6 Rcxc6 23. b4 cxb3 24. Bxb3 Re8 25. Ba2 Nxe5 26.
Ne4 Ncd3 27. Rxd3 Nxd3 28. Nf6+ Bxf6 29. Rxe8+ Kg7 30. Be3 Rc3 31. g4 Rxa3
32. Bd5 h6 33. Ra8 Ra1+ 34. Kg2 g5 35. Ra7 Ne5 36. Bd4 Rd1 37. Bxe5 Rxd5
38. Bxf6+ Kxf6 39. Rxa6+ Ke5 40. Rxh6 Kd4 41. Rf6 b4 42. Rxf7 Rb5 43. Rd7+
Rd5 44. Rb7 Kc4 45. f4 gxf4 46. h4 Rd3 47. g5 b3 48. Rc7+ Kb4 49. Rf7 f3+
50. Kf2 b2 51. Rb7+ Kc3 52. g6 Rd4 53. h5 Rb4 54. Rxb4 Kxb4 55. g7 b1=Q 56.
g8=Q 1/2-1/2

[Event "16th Open"]
[Site "Abu Dhabi UAE"]
[Date "2006.08.21"]
[Round "9"]
[White "Pourkashiyan,A"]
[Black "Bistric,F"]
[Result "1-0"]
[WhiteElo "2298"]
[BlackElo "2426"]
[EventDate "2006.08.12"]

1. e4 c5 2. Nf3 e6 3. d4 cxd4 4. Nxd4 Nf6 5. Nc3 d6 6. Be2 a6 7. O-O Qc7 8.
Be3 b5 9. a3 Bb7 10. Bd3 Be7 11. f4 Nbd7 12. Qf3 Rc8 13. Rae1 Qb8 14. Qg3
O-O 15. Nf3 Nc5 16. e5 Nfd7 17. Bd4 Nxd3 18. cxd3 dxe5 19. fxe5 Nc5 20. Be3
Rfd8 21. d4 Ne4 22. Nxe4 Bxe4 23. Bg5 Bxg5 24. Rxe4 Be7 25. Rg4 Bf8 26. Ng5
Qa7 27. Nxh7 Kxh7 28. Rh4+ Kg8 29. Qh3 1-0

[Event "16th Open"]
[Site "Abu Dhabi UAE"]
[Date "2006.08.21"]
[Round "9"]
[White "Jakovljevic,Vlado"]
[Black "Nezad,H"]
[Result "0-1"]
[WhiteElo "2414"]
[BlackElo "2320"]
[EventDate "2006.08.12"]

1. Nf3 d5 2. d4 Nf6 3. c4 e6 4. Nc3 Be7 5. Bg5 Nbd7 6. e3 O-O 7. Rc1 dxc4
8. Bxc4 a6 9. a4 c5 10. O-O cxd4 11. exd4 Nb6 12. Bb3 Bd7 13. Ne5 Bc6 14.
Re1 Nfd5 15. Bd2 Bg5 16. Bxg5 Qxg5 17. Ne4 Qe7 18. Nc5 a5 19. Qh5 Rad8 20.
Rcd1 h6 21. h4 Nf6 22. Qe2 Nbd5 23. Qd2 Qc7 24. Rc1 Nb4 25. g4 Nfd5 26. g5
hxg5 27. hxg5 g6 28. Ne4 Kg7 29. f3 Rh8 30. Re2 Ne7 31. Qf4 Nf5 32. Nxg6
Qxf4 33. Nxf4 Nxd4 34. Re3 Nxf3+ 35. Rxf3 Bxe4 36. Rh3 Rxh3 37. Nxh3 Rd3
38. Rc3 Rxc3 39. bxc3 Na6 40. Nf2 Bf5 41. Bc4 Nc5 42. Bb5 Bc2 0-1

[Event "16th Open"]
[Site "Abu Dhabi UAE"]
[Date "2006.08.21"]
[Round "9"]
[White "Lalith,B"]
[Black "Taleb,M"]
[Result "1-0"]
[WhiteElo "2297"]
[BlackElo "2409"]
[EventDate "2006.08.12"]

1. Nf3 Nf6 2. c4 e6 3. Nc3 Bb4 4. Qc2 b6 5. e3 Bb7 6. Be2 O-O 7. a3 Bxc3 8.
Qxc3 c5 9. b3 Nc6 10. Bb2 d6 11. d4 cxd4 12. exd4 Ne7 13. O-O Ng6 14. Rfd1
Nf4 15. Bf1 Rc8 16. Qe3 Ng6 17. h3 Qc7 18. Rac1 Qb8 19. b4 Qa8 20. Ne1 Rfe8
21. b5 Nd7 22. Nd3 Be4 23. Nb4 Bb7 24. d5 e5 25. Bd3 Nc5 26. Bxg6 hxg6 27.
Nc6 a6 28. a4 Nxa4 29. Ba3 Bxc6 30. dxc6 axb5 31. cxb5 Qa5 32. Qb3 Nc5 33.
Bxc5 dxc5 34. Rd7 Rf8 35. Rcd1 Rce8 36. c7 Qa8 37. Rxf7 Rxf7 38. Rd7 Ref8
39. Rxf7 Kh7 40. Rxf8 Qxf8 41. Qe6 Qf4 42. Qg4 1-0

[Event "16th Open"]
[Site "Abu Dhabi UAE"]
[Date "2006.08.21"]
[Round "9"]
[White "Kayumov,S"]
[Black "Mamedjarova,T"]
[Result "0-1"]
[WhiteElo "2435"]
[BlackElo "2241"]
[EventDate "2006.08.12"]

1. e4 e5 2. Bc4 Nc6 3. d3 Nf6 4. Nc3 Be7 5. f4 d6 6. Nf3 Bg4 7. h3 Bxf3 8.
Qxf3 Nd4 9. Qd1 c6 10. a3 exf4 11. Bxf4 d5 12. Ba2 Ne6 13. Bg3 Qb6 14. exd5
cxd5 15. Bb3 O-O 16. Bf2 Bc5 17. O-O Rad8 18. Qd2 Bxf2+ 19. Qxf2 d4 20. Ne2
Nd5 21. Qh4 Ne3 22. Rxf7 Kxf7 23. Qxh7 0-1